| 000 | 00471nam a2200169Ia 4500 | ||
|---|---|---|---|
| 008 | 230917s9999||||xx |||||||||||||| ||und|| | ||
| 020 | _cRS850 | ||
| 040 |
_e258737 _aMAIN |
||
| 041 | _aEnglish | ||
| 082 | _a891.2109 S64S | ||
| 100 | _aSinha, Anil Kumar | ||
| 245 | 0 | _aSanskrit cintana parampara mein lakshana vimarsha | |
| 260 |
_aDelhi _bAastha Prakashan _c2018 |
||
| 300 | _aix, 274 p. | ||
| 500 | _a4695 07/12/2022 HBD19/7980 31/10/2019 Main Budget | ||
| 942 | _cBK | ||
| 999 |
_c34743 _d34743 |
||